Statistics for Dumb it Down Vocabulary #3

Click here to take the quiz!

General Stats

  • This quiz has been taken 12,192 times
  • The average score is 9 of 21

Answer Stats

WordSynonym% Correct
IntoxicatedDrunk
95%
MaleficentEvil
69%
MasticateChew
67%
TempestStorm
67%
FacileEasy
56%
ExpeditiousFast
55%
LexiconVocabulary
55%
VerdantGreen
48%
LoquaciousTalkative
45%
RemuneratePay
41%
DenizenResident
41%
QuaffDrink
40%
PurloinSteal
38%
AbattoirSlaughterhouse
36%
TorridHot
35%
SagacityWisdom
31%
CoquetteFlirt
30%
HoosegowJail
27%
NosegayBouquet
23%
MaladroitClumsy
22%
PenuryPoverty
15%

Score Distribution

Percentile by Number Answered

Percent of People with Each Score

Your Score History

You have not taken this quiz